| 000 | 01530nam a2200337 a 4500 | ||
|---|---|---|---|
| 003 | CO-PeBPR | ||
| 005 | 20260428135517.0 | ||
| 008 | 260428s2024 ck g 000 0 spa | ||
| 020 | _a9786287729353 | ||
| 040 | 0 |
_aCO-PeBPR _bspa _cCO-PeBPR _erda |
|
| 041 | 0 | _hspa | |
| 082 | 0 | 4 | _a070.449 H867o |
| 100 | 1 |
_aHoyos, Juan José _d1953- _eautor |
|
| 245 | 1 | 3 |
_aEl oro y la sangre _c/ Juan José Hoyos |
| 250 | _aEdición especial | ||
| 264 |
_aBogotá, Colombia _b: Sílaba editores _c, 2024 |
||
| 300 |
_a222 páginas _c; 24 centímetros |
||
| 336 |
_atexto _btxt |
||
| 337 |
_asin mediación _bn _2rdamedia |
||
| 338 |
_avolumen _bnc _2rdacarrier |
||
| 490 |
_aPlan Nacional de Lectura, Escritura y Oralidad / Ministerio de Cultura , Las Artes y los Saberes _a(Sílabas de Tinta) |
||
| 500 | _aIncluye índice. | ||
| 520 | _aEl Oro y la Sangre es un microcosmos del país. Un indígena emberá halla una mina de oro y sobre su comunidad se precipita una legión de aventureros, comerciantes, estafadores y guerrilleros. Después de los primeros muertos la ambición por el oro desemboca en una guerra en la que los contendientes y las víctimas los ponen los indígenas...tomado de la contracubierta del libro. | ||
| 521 | _aRecomendado para Jóvenes y adultos. | ||
| 586 | _aPremio Germán Arciniegas de Periodismo. | ||
| 650 | 1 | 4 |
_2LEMB _aViolencia social _zColombia |
| 650 | 1 | 4 |
_2LEMB _aEmbera _xGuerra |
| 650 | 1 | 4 |
_2LEMB _aCrónica periodística _zColombia |
| 650 | 1 | 4 |
_2LEMB _aIndigenas De colombia |
| 942 |
_2ddc _cBK |
||
| 999 |
_c17804 _d17804 |
||